LIBRARY & INFORMATION CENTRE, KCAET, TAVANUR

ONLINE PUBLIC ACCESS CATALOGUE (OPAC)

Display for learning / (Record no. 11249)

MARC details
000 -LEADER
fixed length control field 00398cam a2200157ua 4500
041 ## - LANGUAGE CODE
Language code of text/sound track or separate title eng
082 ## - DEWEY DECIMAL CLASSIFICATION NUMBER
Classification number 371.39
Item number MAR/DI
100 ## - MAIN ENTRY--AUTHOR NAME
Personal name Marjorie, East .
245 ## - TITLE STATEMENT
Title Display for learning /
260 ## - PUBLICATION, DISTRIBUTION, ETC. (IMPRINT)
Place of publication Newyork :
Name of publisher Henry holt and company ,
Year of publication 1962.
300 ## - PHYSICAL DESCRIPTION
Number of Pages 306 ; .
500 ## - GENERAL NOTE
General note **Reference
942 ## - ADDED ENTRY ELEMENTS (KOHA)
Koha item type Books
Holdings
Withdrawn status Lost status Damaged status Home library Current library Date acquired Full call number Accession Number Koha item type
Withdrawn     KAUAET Sanskrit University 07/04/2012 371.39 658 Reference
free website counter